00665nam a2200241 a 4500001001300000003000900013005001700022008004100039020001000080082001300090100001800103245005900121260002300180300000900203500003500212505001000247650002400257700001800281902000800299942000700307952009400314999001500408nice12345678IN_TiNIC20260116012616.0050524s1959 lona grp 000 0 eng  ac10000a238bBUR aBurnaby, John aBelief of Christendomb Commentary on the Nicene Creed aLondonbSpckc1959 a2249 aincludes index and biblioraphy2 aIndex aCreeds-Christianity1 aBurnaby, John bSRS cBK 00104070aHMIbHMId2007-06-20g100.00l0o238 BURp010393r2007-06-20w2026-01-16yEB c7654d7654